[Event "Oberliga Ost-B 0506"]
[Site "Germany"]
[Date "2006.01.15"]
[Round "5.3"]
[White "Nagel, Bernhard"]
[Black "Fiedler, Torsten"]
[Result "1/2-1/2"]
[WhiteElo "2208"]
[BlackElo "2339"]
[PlyCount "91"]
[EventDate "2005.11.13"]
[EventType "team-tourn"]
[EventRounds "11"]
[EventCountry "GER"]
[SourceTitle "EXT 2007"]
[Source "ChessBase"]
[SourceDate "2006.11.23"]
[SourceVersion "1"]
[SourceVersionDate "2006.11.23"]
[SourceQuality "1"]
[WhiteTeam "Wiesbaden"]
[BlackTeam "Erfurt II"]
[WhiteTeamCountry "GER"]
[BlackTeamCountry "GER"]

1. d4 Nf6 2. c4 e6 3. Nf3 b6 4. g3 Ba6 5. b3 d5 6. Bg2 Bb4+ 7. Bd2 Be7 8. Ne5 c6 9. Bc3 Nfd7 10. Nxd7 Nxd7 11. Nd2 0-0 12. 0-0 f5 13. Rc1 Rc8 14. Re1 Bd6 15. f4 Qe7 16. e3 Nf6 17. Bf1 Bb7 18. Rc2 c5 19. Bb2 cxd4 20. exd4 Ne4 21. Nxe4 fxe4 22. Qd2 Rf6 23. Rec1 Rg6 24. Bg2 h5 25. Qe3 h4 26. c5 bxc5 27. dxc5 Bc7 28. c6 Ba6 29. Bf1 Bxf1 30. Rxf1 Bb6 31. Bd4 Bxd4 32. Qxd4 hxg3 33. h3 Qh4 34. Kg2 Rh6 35. Rh1 Qxf4 36. Rf1 Qh4 37. Rh1 Rf6 38. Qe5 d4 39. Qxd4 Qf4 40. Re1 Qf3+ 41. Kg1 Qf2+ 42. Rxf2 gxf2+ 43. Qxf2 Rxf2 44. Kxf2 Rxc6 45. Rxe4 Kf7 46. Ra4 1/2-1/2

[Event "Oberliga Ost-B 0506"]
[Site "Germany"]
[Date "2005.12.11"]
[Round "4"]
[White "Grabarczyk, Bogdan"]
[Black "Fiedler, Torsten"]
[Result "0-1"]
[WhiteElo "2472"]
[BlackElo "2339"]
[PlyCount "130"]
[EventDate "2005.11.13"]
[EventType "team-tourn"]
[EventRounds "11"]
[EventCountry "GER"]
[SourceTitle "CBM 109 Extra"]
[Source "ChessBase"]
[SourceDate "2006.01.03"]
[SourceVersion "2"]
[SourceVersionDate "2006.01.03"]
[SourceQuality "1"]

1. e4 c5 2. Nf3 e6 3. d4 cxd4 4. Nxd4 Nc6 5. Nc3 a6 6. Be3 Nf6 7. g4 Bb4 8. Bg2 d5 9. g5 Nxe4 10. Nxc6 bxc6 11. Bxe4 dxe4 12. Qxd8+ Kxd8 13. 0-0-0+ Kc7 14. Nxe4 e5 15. a3 Be7 16. Bd2 Kb6 17. Rde1 Be6 18. Nc3 Bd6 19. Na4+ Kb5 20. b3 c5 21. c4+ Kc6 22. Bc3 Rab8 23. Kc2 Bf5+ 24. Kb2 Bd3 25. Rc1 Bxc4 26. b4 a5 27. Rhe1 cxb4 28. Bxe5 bxa3+ 29. Ka1 Rb4 30. Nc3 Re8 31. Bxg7 Rxe1 32. Rxe1 Bxh2 33. Na2 Bxa2 34. Kxa2 Bd6 35. Rc1+ Kd5 36. Rd1+ Ke6 37. Re1+ Kf5 38. Rd1 Be7 39. Rd7 Ke6 40. Ra7 Bxg5 41. Rxa5 Bc1 42. Re5+ Kd7 43. Rd5+ Kc6 44. Rh5 Rf4 45. Rh2 Rf3 46. Bd4 Kd5 47. Ba7 h6 48. Rh1 Rc3 49. Kb1 Kc4 50. Be3 Bxe3 51. fxe3 Kb3 52. e4 Re3 53. Ka1 h5 54. Rb1+ Kc3 55. Rf1 Kd4 56. Rxf7 Kxe4 57. Rh7 Rh3 58. Ka2 Kf4 59. Rf7+ Kg4 60. Rg7+ Kh4 61. Rg8 Rg3 62. Rh8 Kg4 63. Rg8+ Kh3 64. Rh8 h4 65. Rh7 Rf3 0-1

[Event "Oberliga Ost-B 0506"]
[Site "Germany"]
[Date "2005.11.26"]
[Round "2"]
[White "Schwenkreis, Thomas"]
[Black "Fiedler, Torsten"]
[Result "0-1"]
[WhiteElo "2057"]
[BlackElo "2339"]
[PlyCount "88"]
[EventDate "2005.11.13"]
[EventType "team-tourn"]
[EventRounds "11"]
[EventCountry "GER"]
[SourceTitle "CBM 109 Extra"]
[Source "ChessBase"]
[SourceDate "2006.01.03"]
[SourceVersion "2"]
[SourceVersionDate "2006.01.03"]
[SourceQuality "1"]

1. Nf3 c5 2. b3 d6 3. Bb2 e5 4. e3 e4 5. Ng1 Nf6 6. d3 Nc6 7. dxe4 Nxe4 8. Nf3 Qa5+ 9. Nfd2 Bf5 10. f3 Nxd2 11. Nxd2 0-0-0 12. e4 Be6 13. c4 f5 14. Be2 f4 15. Qc1 Rg8 16. Bc3 Qc7 17. Qb2 g5 18. 0-0-0 Bg7 19. Nb1 Nd4 20. h3 h5 21. Rd2 a6 22. Na3 Be5 23. Nc2 Nc6 24. Ne1 Qg7 25. Bxe5 dxe5 26. Nd3 b6 27. Rhd1 Rd4 28. Qa3 Kb7 29. Rc2 Qe7 30. Qb2 g4 31. hxg4 hxg4 32. Rh1 Rgd8 33. Qc3 Qg7 34. b4 Rxd3 35. Bxd3 Nxb4 36. Be2 Nxc2 37. Kxc2 gxf3 38. gxf3 Qg2 39. Re1 Rd4 40. Kb1 Qf2 41. Qc1 b5 42. Bf1 Bxc4 43. Bxc4 Rxc4 44. Qd1 Rb4+ 0-1

[Event "Oberliga Ost-B 0405"]
[Site "Germany"]
[Date "2005.03.13"]
[Round "9.3"]
[White "Herges, Udo"]
[Black "Fiedler, Torsten"]
[Result "0-1"]
[WhiteElo "2170"]
[BlackElo "2328"]
[PlyCount "70"]
[EventDate "2004.10.10"]
[EventType "team-tourn"]
[EventRounds "11"]
[EventCountry "GER"]
[SourceTitle "EXT 2006"]
[Source "ChessBase"]
[SourceDate "2005.11.24"]
[SourceVersion "1"]
[SourceVersionDate "2005.11.24"]
[SourceQuality "1"]
[WhiteTeam "Frankfurt FTG"]
[BlackTeam "Erfurt SK II"]
[WhiteTeamCountry "GER"]
[BlackTeamCountry "GER"]

1. e4 c5 2. Nf3 e6 3. d3 Nc6 4. g3 d5 5. Qe2 Nf6 6. exd5 Nxd5 7. Bg2 Be7 8. 0-0 0-0 9. Na3 b6 10. c3 Bb7 11. Nc4 Qc7 12. a4 Rad8 13. Bd2 Rfe8 14. Rad1 Bf8 15. Bg5 f6 16. Bc1 a6 17. Rfe1 b5 18. axb5 axb5 19. Ne3 Na5 20. Nd2 Nxe3 21. fxe3 Bxg2 22. Kxg2 Qd7 23. Ne4 Nb3 24. d4 cxd4 25. exd4 Nxc1 26. Rxc1 e5 27. dxe5 Rxe5 28. Rcd1 Qe7 29. Rxd8 Qxd8 30. Qf3 f5 31. Ng5 Qd2+ 32. Kh3 Qxe1 33. Qh5 Qf1+ 34. Kh4 Qc4+ 35. Kh3 Qg4+ 0-1

[Event "Oberliga Ost-B 0405"]
[Site "Germany"]
[Date "2004.12.12"]
[Round "5.2"]
[White "Fiedler, Torsten"]
[Black "Nagel, Bernhard"]
[Result "1-0"]
[WhiteElo "2328"]
[BlackElo "2224"]
[PlyCount "41"]
[EventDate "2004.10.10"]
[EventType "team-tourn"]
[EventRounds "11"]
[EventCountry "GER"]
[SourceTitle "EXT 2006"]
[Source "ChessBase"]
[SourceDate "2005.11.24"]
[SourceVersion "1"]
[SourceVersionDate "2005.11.24"]
[SourceQuality "1"]
[WhiteTeam "Erfurt SK II"]
[BlackTeam "Wiesbaden"]
[WhiteTeamCountry "GER"]
[BlackTeamCountry "GER"]

1. d4 Nf6 2. c4 e6 3. Nf3 b6 4. e3 Bb7 5. Bd3 d5 6. 0-0 Nbd7 7. Nc3 Be7 8. Qe2 0-0 9. b3 c5 10. Bb2 cxd4 11. exd4 Re8 12. Ne5 Nxe5 13. dxe5 dxc4 14. Bxc4 Nd7 15. Rfd1 Qc7 16. Nb5 Qc6 17. f3 Bc5+ 18. Kh1 a6 19. Nd6 Red8 20. Rac1 b5 21. Bd3 1-0

[Event "Oberliga Ost-B 0405"]
[Site "Germany"]
[Date "2004.10.10"]
[Round "1.4"]
[White "Fiedler, Torsten"]
[Black "Ahner, Thomas"]
[Result "1-0"]
[WhiteElo "2328"]
[BlackElo "2146"]
[PlyCount "61"]
[EventDate "2004.10.10"]
[EventType "team-tourn"]
[EventRounds "11"]
[EventCountry "GER"]
[SourceTitle "EXT 2006"]
[Source "ChessBase"]
[SourceDate "2005.11.24"]
[SourceVersion "1"]
[SourceVersionDate "2005.11.24"]
[SourceQuality "1"]
[WhiteTeam "Erfurt SK II"]
[BlackTeam "Jena Glas"]
[WhiteTeamCountry "GER"]
[BlackTeamCountry "GER"]

1. d4 Nf6 2. c4 b6 3. Nc3 Bb7 4. d5 d6 5. e4 Nbd7 6. Bd3 e5 7. Nge2 Be7 8. Ng3 0-0 9. Nf5 Re8 10. Nxe7+ Qxe7 11. 0-0 Nf8 12. Be3 Rad8 13. b4 Bc8 14. f3 Ng6 15. Qd2 Nh5 16. Nb5 a6 17. Na7 Bd7 18. c5 bxc5 19. bxc5 Ra8 20. c6 Bc8 21. Rab1 Ngf4 22. Nxc8 Rexc8 23. Rb7 Qg5 24. Rfb1 f5 25. exf5 Rf8 26. Rxc7 Rf6 27. Rcb7 Rh6 28. Rb8+ Rxb8 29. Rxb8+ Kf7 30. Rb7+ Kf6 31. Rd7 1-0

[Event "Oberliga Ost-B 0304"]
[Site "Germany"]
[Date "2004.04.24"]
[Round "10.2"]
[White "Fiedler, Torsten"]
[Black "Konopka, Michal"]
[Result "1/2-1/2"]
[WhiteElo "2303"]
[BlackElo "2451"]
[PlyCount "74"]
[EventDate "2003.11.02"]
[EventType "team-tourn"]
[EventRounds "11"]
[EventCountry "GER"]
[SourceTitle "EXT 2005"]
[Source "ChessBase"]
[SourceDate "2004.11.15"]
[SourceVersion "1"]
[SourceVersionDate "2004.11.15"]
[SourceQuality "1"]
[WhiteTeam "Erfurt SK II"]
[BlackTeam "Schoeneck"]
[WhiteTeamCountry "GER"]
[BlackTeamCountry "GER"]

1. d4 Nf6 2. c4 g6 3. Nc3 d5 4. cxd5 Nxd5 5. e4 Nxc3 6. bxc3 Bg7 7. Ba3 0-0 8. Bd3 b6 9. Ne2 c5 10. dxc5 Nd7 11. cxb6 Ne5 12. Bc2 axb6 13. Qxd8 Rxd8 14. Bxe7 Rd7 15. Bg5 Ba6 16. f3 Bc4 17. Kf2 Rda7 18. Rhd1 f6 19. Be3 Rxa2 20. Rxa2 Rxa2 21. Rd2 b5 22. Nc1 Ra3 23. Rd8+ Kf7 24. Bd2 Bf8 25. f4 Be7 26. Rc8 Be6 27. Rb8 Ng4+ 28. Ke1 Nxh2 29. Rxb5 Ng4 30. Bb3 h5 31. Bxe6+ Kxe6 32. f5+ Kf7 33. Rb7 gxf5 34. exf5 Ra5 35. Bf4 Ke8 36. Rb8+ Kf7 37. Rb7 Ke8 1/2-1/2

[Event "Oberliga Ost-B 0304"]
[Site "Germany"]
[Date "2003.11.23"]
[Round "3.3"]
[White "Vettel, Matthias"]
[Black "Fiedler, Torsten"]
[Result "1-0"]
[WhiteElo "2289"]
[BlackElo "2303"]
[PlyCount "173"]
[EventDate "2003.11.02"]
[EventType "team-tourn"]
[EventRounds "11"]
[EventCountry "GER"]
[SourceTitle "EXT 2005"]
[Source "ChessBase"]
[SourceDate "2004.11.15"]
[SourceVersion "1"]
[SourceVersionDate "2004.11.15"]
[SourceQuality "1"]
[WhiteTeam "Moerlenbach"]
[BlackTeam "Erfurt SK II"]
[WhiteTeamCountry "GER"]
[BlackTeamCountry "GER"]

1. c4 c5 2. Nf3 Nf6 3. Nc3 g6 4. d4 cxd4 5. Nxd4 Bg7 6. e4 0-0 7. Be2 Nc6 8. Be3 Nxd4 9. Bxd4 d6 10. 0-0 Bd7 11. Qd2 Bc6 12. f3 a5 13. b3 Nd7 14. Bf2 Nc5 15. Rab1 f5 16. exf5 Rxf5 17. Bd1 Qf8 18. Bc2 Rh5 19. Ne2 Be5 20. Bg3 Bxg3 21. Nxg3 Rh4 22. Qg5 Rf4 23. Rbe1 e5 24. Ne2 Ne6 25. Qg3 Rf6 26. Rd1 Qe7 27. Qe1 Qc7 28. Qd2 Qb6+ 29. Kh1 Raf8 30. Nc3 Nd4 31. Be4 Kg7 32. Bd5 Rf4 33. Rfe1 g5 34. Ne2 Nxe2 35. Rxe2 R8f6 36. Bxc6 bxc6 37. Qe1 g4 38. fxg4 Rxg4 39. Qg1 Qc7 40. Rf1 Rgf4 41. Rxf4 Rxf4 42. Qe1 Qf7 43. Kg1 Qa7+ 44. Kh1 a4 45. h3 a3 46. Qg3+ Kh6 47. Kh2 Qd4 48. Re3 Rf6 49. c5 Rg6 50. Qf3 Kg7 51. cxd6 Qxd6 52. Qe4 Re6 53. Rd3 Qe7 54. b4 h5 55. Rxa3 h4 56. Ra5 Qg5 57. Ra7+ Kf8 58. Ra8+ Kg7 59. Ra7+ Kg8 60. Ra8+ Kg7 61. Ra7+ Kf8 62. Rh7 Qf4+ 63. Qxf4+ exf4 64. Rxh4 Re4 65. a3 Rc4 66. Rh5 Rc3 67. Rf5+ Kg7 68. Rxf4 Rxa3 69. Rc4 Rb3 70. Rxc6 Rxb4 71. Rc2 Rb3 72. g3 Kg6 73. h4 Kh5 74. Kh3 Rb4 75. g4+ Kh6 76. Rc3 Kg7 77. h5 Rb1 78. Kh4 Rb5 79. Rc4 Kh7 80. g5 Rb1 81. Rc7+ Kg8 82. h6 Rb8 83. Kh5 Rb1 84. Rc8+ Kf7 85. g6+ Kf6 86. Rf8+ Ke7 87. g7 1-0

[Event "BL2-Ost 0203"]
[Site "Germany"]
[Date "2003.03.09"]
[Round "8.4"]
[White "Fiedler, Torsten"]
[Black "Golda, Harald"]
[Result "0-1"]
[WhiteElo "2286"]
[BlackElo "2297"]
[PlyCount "92"]
[EventDate "2002.10.20"]
[EventType "team-tourn"]
[EventRounds "9"]
[EventCountry "GER"]
[SourceTitle "EXT 2004"]
[Source "ChessBase"]
[SourceDate "2003.11.25"]
[SourceVersion "1"]
[SourceVersionDate "2003.11.25"]
[SourceQuality "1"]
[WhiteTeam "Erfurt SK II"]
[BlackTeam "Wuerzburg"]
[WhiteTeamCountry "GER"]
[BlackTeamCountry "GER"]

1. d4 d5 2. c4 c6 3. Nc3 Nf6 4. Nf3 e6 5. e3 Nbd7 6. Bd3 Be7 7. 0-0 0-0 8. e4 dxe4 9. Nxe4 b6 10. Qe2 Bb7 11. Nxf6+ Nxf6 12. c5 bxc5 13. dxc5 Bxc5 14. Bg5 Be7 15. Rfd1 Qc7 16. Rac1 Rfd8 17. Ne5 Rd5 18. Re1 c5 19. f4 Rf8 20. b4 Qb6 21. bxc5 Rxc5 22. Kh1 Rxc1 23. Rxc1 Rc8 24. Re1 h6 25. Bh4 Ne4 26. Qh5 Bxh4 27. Qxf7+ Kh8 28. Ng6+ Kh7 29. Nxh4 Qe3 30. Nf3 Qxd3 31. Qxb7 Nf2+ 32. Kg1 Rc2 33. Qb1 Nh3+ 34. gxh3 Qg6+ 35. Ng5+ hxg5 36. Qb7 gxf4+ 37. Kh1 Rc5 38. Qf3 e5 39. h4 Rc2 40. h5 Qf5 41. Rg1 e4 42. Qb3 Rc7 43. Qb8 Rf7 44. Rd1 Qh3 45. Rg1 Qf3+ 46. Rg2 Rd7 0-1

[Event "Bundesliga 0203"]
[Site "Germany"]
[Date "2002.11.16"]
[Round "3.8"]
[White "Agdestein, Simen"]
[Black "Fiedler, Torsten"]
[Result "1-0"]
[WhiteElo "2578"]
[BlackElo "2286"]
[PlyCount "91"]
[EventDate "2002.10.19"]
[EventType "team-tourn"]
[EventRounds "15"]
[EventCountry "GER"]
[SourceTitle "EXT 2003"]
[Source "ChessBase"]
[SourceDate "2002.11.25"]
[SourceVersion "1"]
[SourceVersionDate "2002.11.25"]
[SourceQuality "1"]
[WhiteTeam "Luebeck"]
[BlackTeam "Erfurt"]
[WhiteTeamCountry "GER"]
[BlackTeamCountry "GER"]

1. e4 e5 2. Nf3 Nc6 3. Bb5 a6 4. Ba4 Nf6 5. 0-0 Nxe4 6. d4 b5 7. Bb3 d5 8. dxe5 Be6 9. Nbd2 Be7 10. c3 Nc5 11. Bc2 d4 12. cxd4 Nxd4 13. Nxd4 Qxd4 14. Nf3 Qxd1 15. Rxd1 Rd8 16. Nd4 Bg4 17. f3 Bd7 18. Be3 g6 19. Rac1 Ne6 20. Bb3 Rc8 21. Bxe6 fxe6 22. Nc6 Bd8 23. Bh6 Rg8 24. f4 g5 25. Nxd8 Kxd8 26. Bxg5+ Ke8 27. Rc5 a5 28. Rd3 c6 29. Bh4 a4 30. Be1 Rg4 31. g3 Rc7 32. Ba5 Ra7 33. Bb4 h5 34. Kf2 Kf7 35. h3 Rg8 36. Rd6 Rc8 37. a3 Be8 38. f5 exf5 39. e6+ Kf6 40. Kf3 h4 41. Kf4 hxg3 42. Rxf5+ Kg7 43. Bc3+ Kh7 44. Rf8 Re7 45. Rh8+ Kg6 46. h4 1-0

[Event "Oberliga Ost-A 0102"]
[Site "Germany"]
[Date "2002.02.24"]
[Round "8.4"]
[White "Fiedler, Torsten"]
[Black "Degtiarev, Evgeny"]
[Result "0-1"]
[WhiteElo "2282"]
[BlackElo "2180"]
[PlyCount "92"]
[EventDate "2001.10.07"]
[EventType "team-tourn"]
[EventRounds "11"]
[EventCountry "GER"]
[SourceTitle "EXT 2003"]
[Source "ChessBase"]
[SourceDate "2002.11.25"]
[SourceVersion "1"]
[SourceVersionDate "2002.11.25"]
[SourceQuality "1"]
[WhiteTeam "Erfurt II"]
[BlackTeam "Magdeburg Aufbau Elbe"]
[WhiteTeamCountry "GER"]
[BlackTeamCountry "GER"]

1. e4 c5 2. Nf3 d6 3. d4 cxd4 4. Nxd4 Nf6 5. Nc3 Nc6 6. Bg5 e6 7. Qd2 Be7 8. 0-0-0 Nxd4 9. Qxd4 0-0 10. f4 Qa5 11. Bc4 Bd7 12. e5 dxe5 13. fxe5 Bc6 14. Bxf6 gxf6 15. Qg4+ Kh8 16. Rhe1 fxe5 17. Qh5 Qc5 18. Bb3 e4 19. Qxc5 Bxc5 20. Nxe4 Be7 21. c4 Rad8 22. g3 Rxd1+ 23. Kxd1 Rd8+ 24. Kc2 Kg7 25. Nc3 Bg5 26. Rd1 Rxd1 27. Kxd1 f5 28. Bc2 h5 29. Ke2 Bf6 30. Nd1 Bd4 31. b4 Kf6 32. Nf2 e5 33. h4 Bg2 34. Ba4 e4 35. c5 Be5 36. b5 Bxg3 37. c6 bxc6 38. bxc6 Bc7 39. Bb3 Ke5 40. Bf7 Bf3+ 41. Kf1 e3 42. Nd3+ Kd4 43. Ne1 Bg4 44. Kg2 Kc3 45. Bd5 Kd2 46. Nf3+ Bxf3+ 0-1

[Event "Oberliga Ost-A 0102"]
[Site "Germany"]
[Date "2002.02.02"]
[Round "6.3"]
[White "Fiedler, Torsten"]
[Black "Neidig, Stefan"]
[Result "1-0"]
[WhiteElo "2282"]
[BlackElo "2233"]
[PlyCount "51"]
[EventDate "2001.10.07"]
[EventType "team-tourn"]
[EventRounds "11"]
[EventCountry "GER"]
[SourceTitle "EXT 2003"]
[Source "ChessBase"]
[SourceDate "2002.11.25"]
[SourceVersion "1"]
[SourceVersionDate "2002.11.25"]
[SourceQuality "1"]
[WhiteTeam "Erfurt II"]
[BlackTeam "Liebschwitz"]
[WhiteTeamCountry "GER"]
[BlackTeamCountry "GER"]

1. e4 e5 2. Nf3 Nc6 3. Bb5 Nf6 4. Nc3 Nd4 5. Ba4 c6 6. Nxe5 Qe7 7. Nf3 Nxe4 8. 0-0 Nxf3+ 9. Qxf3 Ng5 10. Qg3 Ne6 11. d4 Nxd4 12. Bg5 f6 13. Rfe1 Ne6 14. Bf4 Kf7 15. Ne4 Nxf4 16. Qxf4 Qe5 17. Nd6+ Bxd6 18. Bb3+ Kf8 19. Rxe5 Bxe5 20. Qb4+ Ke8 21. f4 a5 22. Qe1 d6 23. fxe5 dxe5 24. Qg3 g5 25. Rf1 Ke7 26. Qf2 1-0

[Event "Oberliga Ost-A 0102"]
[Site "Germany"]
[Date "2001.11.25"]
[Round "4.3"]
[White "Fiedler, Torsten"]
[Black "Schweitzer, Andreas"]
[Result "1/2-1/2"]
[WhiteElo "2282"]
[BlackElo "2205"]
[PlyCount "79"]
[EventDate "2001.10.07"]
[EventType "team-tourn"]
[EventRounds "11"]
[EventCountry "GER"]
[SourceTitle "EXT 2003"]
[Source "ChessBase"]
[SourceDate "2002.11.25"]
[SourceVersion "1"]
[SourceVersionDate "2002.11.25"]
[SourceQuality "1"]
[WhiteTeam "Erfurt II"]
[BlackTeam "Coswig"]
[WhiteTeamCountry "GER"]
[BlackTeamCountry "GER"]

1. e4 c5 2. Nf3 e6 3. c3 b6 4. d4 Bb7 5. Bd3 d6 6. 0-0 Nd7 7. Bf4 Ngf6 8. Nbd2 Be7 9. Qe2 Nh5 10. Be3 Nhf6 11. Rfe1 e5 12. dxe5 dxe5 13. Rad1 Qc7 14. Nf1 0-0 15. Ng3 Rfe8 16. Bc1 Bf8 17. Bc4 h6 18. Nh4 a6 19. a4 Bc6 20. b3 Qb7 21. Nhf5 b5 22. axb5 axb5 23. Bd3 Ra5 24. Bb1 Qc7 25. f3 c4 26. b4 Raa8 27. Nf1 Kh7 28. g4 g6 29. N5g3 Nb6 30. Ne3 Rad8 31. h4 Na4 32. Qc2 Rxd1 33. Rxd1 Rd8 34. g5 Rxd1+ 35. Nxd1 Ng8 36. Be3 Qd8 37. Qd2 Be7 38. Bc2 Nb6 39. Nf2 Qxd2 40. Bxd2 1/2-1/2

[Event "Oberliga Ost-A 9899"]
[Site "Germany"]
[Date "1999.??.??"]
[Round "?"]
[White "Fiedler, Torsten"]
[Black "Jahnel, Guenther"]
[Result "1/2-1/2"]
[WhiteElo "2300"]
[BlackElo "2280"]
[PlyCount "188"]
[EventDate "1998.10.??"]
[EventType "team-tourn"]
[EventRounds "11"]
[EventCountry "GER"]
[SourceTitle "EXT 2000"]
[Source "ChessBase"]
[SourceDate "1999.11.16"]
[SourceVersion "1"]
[SourceVersionDate "1999.11.16"]
[SourceQuality "1"]

1. e4 e5 2. f4 exf4 3. Nf3 d6 4. Bc4 Be7 5. 0-0 Nf6 6. Nc3 c6 7. d4 0-0 8. Bxf4 Bg4 9. h3 Bh5 10. e5 Ne8 11. Qd2 dxe5 12. Nxe5 Nd7 13. Rae1 Nxe5 14. Bxe5 Bg6 15. Ne4 Nc7 16. Ng3 Bg5 17. Qe2 Qd7 18. Ne4 Bh4 19. g3 Be7 20. h4 Nd5 21. h5 Bf5 22. h6 f6 23. hxg7 Rf7 24. Bf4 Rxg7 25. Nc5 Bxc5 26. dxc5 Kh8 27. Bd6 Rag8 28. Qf3 Rg5 29. Bxd5 cxd5 30. Re7 Rxg3+ 31. Bxg3 Qxe7 32. Kh2 Qg7 33. Bh4 Qh6 34. Qf4 Rg5 35. Rf3 Qh5 36. Qd4 Kg7 37. Rb3 Qe2+ 38. Qf2 Qxf2+ 39. Bxf2 Be4 40. Rxb7+ Kg6 41. Bg3 Rf5 42. Rxa7 d4 43. Rd7 Rxc5 44. Rxd4 Rxc2+ 45. Kh3 Bf5+ 46. Kh4 Rxb2 47. a4 Rb3 48. Rf4 Ra3 49. Rd4 Be6 50. Re4 Bd7 51. Rd4 Be6 52. Re4 Kf7 53. Rd4 Bf5 54. Rb4 Bd7 55. Rd4 Bxa4 56. Bd6 Ra2 57. Rf4 Ke6 58. Bc7 Bc6 59. Bd8 Rh2+ 60. Kg3 Rg2+ 61. Kh3 Rg6 62. Rh4 h6 63. Bc7 Bg2+ 64. Kh2 Bf3 65. Rf4 Bg4 66. Ra4 Kd5 67. Bf4 h5 68. Bg3 Bd1 69. Rf4 Bc2 70. Rh4 Bd1 71. Rf4 Bg4 72. Be1 f5 73. Kg3 Ra6 74. Kh4 Ra1 75. Bf2 Ra3 76. Kg5 Rd3 77. Kf6 Rd1 78. Kg5 Rd2 79. Bg3 Rd1 80. Bf2 Rd3 81. Kf6 Bh3 82. Kg5 Ke5 83. Rb4 Bg4 84. Bg1 Rh3 85. Bf2 Rf3 86. Bg1 Kd5 87. Rf4 Rg3 88. Bf2 Rg2 89. Kf6 Rxf2 90. Rxf2 h4 91. Kg5 h3 92. Kf4 Kd4 93. Rd2+ Kc3 94. Rd8 Kc2 1/2-1/2

[Event "Oberliga Ost-C 9596"]
[Site "Germany"]
[Date "1996.??.??"]
[Round "?"]
[White "Fiedler, Torsten"]
[Black "Jakel, Wolfgang"]
[Result "1-0"]
[WhiteElo "2290"]
[BlackElo "2245"]
[PlyCount "63"]
[EventDate "1995.10.??"]
[EventType "team-tourn"]
[EventRounds "9"]
[EventCountry "GER"]
[SourceTitle "EXT 1998"]
[Source "ChessBase"]
[SourceDate "1997.11.17"]
[SourceVersion "1"]
[SourceVersionDate "1997.11.17"]
[SourceQuality "1"]

1. d4 Nf6 2. c4 c5 3. d5 e6 4. Nc3 exd5 5. cxd5 g6 6. e4 d6 7. f4 Bg7 8. Bb5+ Nfd7 9. Nf3 0-0 10. 0-0 Re8 11. f5 a6 12. Bg5 Qc7 13. Bxd7 Nxd7 14. Qd2 b5 15. Rae1 b4 16. Nd1 a5 17. Bh6 Bh8 18. Ng5 Ne5 19. Qf4 Ba6 20. Qh4 f6 21. Ne6 Qe7 22. fxg6 hxg6 23. Rf4 Qh7 24. Re3 Bc8 25. Rg3 Bxe6 26. dxe6 Rxe6 27. Ne3 c4 28. Qh3 Rae8 29. Rh4 Qa7 30. Bf8 Nf7 31. Rxg6+ Kxf8 32. Rxh8+ 1-0

[Event "Oberliga Ost-C 9495"]
[Site "Germany"]
[Date "1995.??.??"]
[Round "?"]
[White "Chandler, Patrick"]
[Black "Fiedler, Torsten"]
[Result "0-1"]
[WhiteElo "2145"]
[BlackElo "2275"]
[PlyCount "86"]
[EventDate "1994.10.??"]
[EventType "team-tourn"]
[EventRounds "9"]
[EventCountry "GER"]
[SourceTitle "GER"]
[Source "ChessBase"]
[SourceDate "1999.07.01"]
[SourceVersion "1"]
[SourceVersionDate "1999.07.01"]
[SourceQuality "1"]

1. e4 e5 2. Nf3 Nc6 3. d4 exd4 4. Nxd4 Nf6 5. Nxc6 bxc6 6. Bd3 d5 7. e5 Ng4 8. 0-0 Bc5 9. Bf4 g5 10. Bg3 h5 11. Be2 Be6 12. Nc3 Qd7 13. Na4 Be7 14. Bxg4 Bxg4 15. f3 Bf5 16. Qd4 Qe6 17. Nc5 Qg6 18. e6 0-0 19. Bxc7 fxe6 20. c3 Rac8 21. Be5 Rf7 22. b4 g4 23. f4 h4 24. Rae1 a5 25. a3 Bxc5 26. Qxc5 Bd3 27. Rf2 g3 28. Rd2 gxh2+ 29. Kh1 Be4 30. Re3 axb4 31. cxb4 Qg4 32. Kxh2 Rxf4 33. Qd6 Rf1 34. Bd4 Rcf8 35. Qe5 Kh7 36. Rc3 R1f5 37. Qd6 Rf2 38. Rxf2 Rxf2 39. Qe7+ Kg8 40. Qg7+ Qxg7 41. Bxg7 Rxg2+ 42. Kh3 Kxg7 43. Rxc6 Kf6 0-1

[Event "Oberliga Ost-C 9495"]
[Site "Germany"]
[Date "1995.??.??"]
[Round "?"]
[White "Fiedler, Torsten"]
[Black "Henrich, Thomas"]
[Result "1-0"]
[WhiteElo "2275"]
[BlackElo "2325"]
[PlyCount "65"]
[EventDate "1994.10.??"]
[EventType "team-tourn"]
[EventRounds "9"]
[EventCountry "GER"]
[SourceTitle "GER"]
[Source "ChessBase"]
[SourceDate "1999.07.01"]
[SourceVersion "1"]
[SourceVersionDate "1999.07.01"]
[SourceQuality "1"]

1. d4 Nf6 2. c4 g6 3. Nc3 Bg7 4. e4 d6 5. f3 c6 6. Bg5 Nbd7 7. Qd2 a6 8. 0-0-0 Qa5 9. h4 b5 10. Kb1 Rb8 11. Nh3 Nh5 12. cxb5 axb5 13. Ne2 b4 14. g4 Nhf6 15. h5 gxh5 16. gxh5 h6 17. Be3 Nb6 18. Nc1 Nxh5 19. Bd3 Be6 20. Rdg1 Bf8 21. Ng5 hxg5 22. Rxg5 Qa7 23. d5 cxd5 24. exd5 Bd7 25. Rhxh5 Rxh5 26. Rxh5 Qb7 27. Rh8 f5 28. Bh6 Kf7 29. Rh7+ Kf6 30. Qg5+ Ke5 31. Bxf8 Rxf8 32. Qxe7+ Kd4 33. Rh4+ 1-0

[Event "Oberliga Ost-C 9495"]
[Site "Germany"]
[Date "1995.??.??"]
[Round "?"]
[White "Fiedler, Torsten"]
[Black "Uhl, Heinz"]
[Result "1-0"]
[WhiteElo "2275"]
[BlackElo "2120"]
[PlyCount "51"]
[EventDate "1994.10.??"]
[EventType "team-tourn"]
[EventRounds "9"]
[EventCountry "GER"]
[SourceTitle "GER"]
[Source "ChessBase"]
[SourceDate "1999.07.01"]
[SourceVersion "1"]
[SourceVersionDate "1999.07.01"]
[SourceQuality "1"]

1. d4 Nf6 2. c4 c5 3. d5 e6 4. Nc3 exd5 5. cxd5 d6 6. e4 g6 7. f4 Bg7 8. Bb5+ Nfd7 9. Nf3 0-0 10. 0-0 a6 11. Bd3 Nb6 12. f5 c4 13. Bc2 N8d7 14. Bg5 Qc7 15. Qd2 Re8 16. Rf2 Nf6 17. h3 Nbd7 18. Raf1 b5 19. Bh6 b4 20. Bxg7 Kxg7 21. Ne2 Nxe4 22. Bxe4 Rxe4 23. Ng5 Re5 24. fxg6 Qc5 25. Nxf7 Rh5 26. Nf4 1-0